000 00948cam a22002774a 4500
001 4522866
005 20180308073701.0
008 990618s1999 ctu b 001 0 eng
010 _a 99037523
020 _a0275966526 (alk. paper)
020 _a0275966534 (pbk. : alk. paper)
040 _aDLC
_cDLC
_dDLC
041 _aeng
042 _apcc
043 _an-us---
080 _a327.1273 art
082 0 0 _a327.1273 art
_221
100 1 _a23
101 _apol
245 1 0 _aFixing the spy machine :
_cArthur S. Hulnick ; foreword by Richard R. Valcourt.
504 _aIncludes bibliographical references (p. [209]-215) and index.
906 _a7
_bcbc
_corignew
_d1
_eocip
_f19
_gy-gencatlg
942 _2ddc
_cBK
999 _c44476
_d44476